000 01077nam a2200289Ia 4500
005 20260704175959.0
008 260704s9999||||xx |||||||||||||| ||und||
020 _a0415345650
_qpbk
020 _a9780415345651
_qpbk
082 _a820.9358
_bASH.2E
100 _aAshcroft, Bill [ed.]
245 4 _aThe post-colonial studies reader [2nd ed.]
250 _a1st ed. 1995 ; 2nd ed. 2006 ; 1st Indian rep. 2008
260 _aLondon
_bRoutledge an imprint of Taylor and Francis Group
_c2006
300 _axxviii, 587p. ; 25cm.
653 _aColonies in literature
653 _aCommonwealth literature (English)--History and criticism
653 _aDecolonization in literature
653 _aEnglish literature--Developing countries--History and criticism
653 _aEnglish literature--Developing countries--History and criticism
653 _aImperialism in literature
653 _aPostcolonialism in literature
653 _aPostcolonialism--Commonwealth countries
700 _aGriffiths, Gareth [ed.]
700 _aTiffin, Helen [ed.]
942 _cBK
999 _c57420
_d57420